Z drobnej satiry

Bibliographic Details
Main Author: Mihálik, Vojtech, 1926-2001 (Author)
Format: Article
Language:Slovak
PhysicalDescription:Nedeľa, príloha Nového slova, č. 29, s. /5/.
Subjects:

MARC

LEADER 00000nab a2200000 a 4500
001 vtls000221209
003 SK-MaSNL
005 20260302221759.0
008 111130c1985 xo 0 slo
015 |a SNBRB19rr/mm-uuuuu 
035 |a CL0231323 
040 |a SNKBUCL  |b slo  |c SNKBUCL  |e AACR2 
041 0 |a slo 
044 |a xo  |c SK 
080 |a 885.4-1  |2 1981 
100 1 |a Mihálik, Vojtech,  |d 1926-2001  |4 aut  |9 13821 
245 1 0 |a Z drobnej satiry  |c Vojtech Mihálik 
300 |b Nedeľa, príloha Nového slova, č. 29, s. /5/. 
650 0 7 |a básne satirické  |2 snkbucl  |9 898428 
650 0 7 |a epigramy  |2 snkbucl  |9 75613 
655 7 |a články z novín a časopisov  |2 snkbucl  |9 267496 
655 7 |a články z odboru literárna veda a krásna literatúra  |2 snkbucl  |9 770045 
773 0 |t Nové slovo  |g Roč. 27, č. 29 (1985) 
850 |a Slovenská národná knižnica v Martine  |a MTA001 
852 |a SNK  |b KIS3GCP 
958 |a RK 
958 |a LX 
992 |a RBX 
999 |c 1513428  |d 1515358